• 首页
  • 本馆介绍
  • 公告通知
  • 最新文献
  • 馆藏检索
  • 电子资源
  • 读者荐购
  • 参考咨询
  • CALIS
  • 我的图书馆
  • 登录
  • 详细信息显示
  • 放入我的书架
  • 预约/预借图书
  • 作者相关作品
  • 分类相关作品
  • 丛书相关作品
  • 出版社相关作品

书目信息

  • 表格格式
  • 工作单格式
  • 卡片格式
题名:
电气控制与PLC应用
    
 
作者: 范永胜 , 王岷 主编 ;张波 , 席维 编写
分册:  
出版信息: 北京   中国电力出版社  2025.02
页数: 266页
开本: 26cm
丛书名: 全国电力行业“十四五”规划教材
单 册:
中图分类: TM571.2 , TM571.61
科图分类:
主题词: 电气控制--dian qi kong zhi--高等教育--教材 , PLC技术--PLC ji shu--高等教育--教材
电子资源:
ISBN: 978-7-5198-9195-4
 
 
 
 
 
000 01495nam 2200349 450
001 97716
005 20250919204024.95
010    @a978-7-5198-9195-4@dCNY52.80
100    @a20250305d2025 em y0chiy50 ea
101 0  @achi
102    @aCN@b110000
105    @aak a 000yy
106    @ar
106    @ar
200 1  @a电气控制与PLC应用@Adian qi kong zhi yu PLC ying yong@f主编范永胜, 王岷@g编写张波, 席维
205    @a第4版
210    @a北京@c中国电力出版社@d2025.02
215    @a266页@c图@d26cm
225 2  @a全国电力行业“十四五”规划教材@Aquan guo dian li hang ye “ shi si wu ” gui hua jiao cai@i高等教育电气与自动化类专业系列
320    @a有书目 (第266页)
330    @a本书共八章, 内容包括常用低压电器、电气控制电路的基本规律、电气控制电路设计、可编程控制器概述、FX系列可编程控制器编程元件及指令系统、FX系列可编程控制器程序设计方法、PLC控制变频器方法及应用、PLC在PID控制中的应用。可编程控制器是以当前极具代表性的FX3U系列PLC为例进行了系统阐述, 同时也对FX3U系列PLC的升级产品FX5U系列PLC同步进行了介绍。
410  0 @12001 @a全国电力行业“十四五”规划教材@i高等教育电气与自动化类专业系列
606 0  @a电气控制@Adian qi kong zhi@x高等教育@j教材
606 0  @aPLC技术@APLC ji shu@x高等教育@j教材
690    @aTM571.2@v5
690    @aTM571.61@v5
701  0 @a范永胜@Afan yong sheng@4主编
701  0 @a王岷@Awang min@4主编
702  0 @a张波@Azhang bo@4编写
702  0 @a席维@Axi wei@4编写
801  0 @aCN@c20250909
905    @a河南城建学院图书馆@dTM571.2@eF150=4@f1
    
    电气控制与PLC应用/主编范永胜, 王岷/编写张波, 席维.-第4版.-北京:中国电力出版社,2025.02
    266页:图;26cm.-(全国电力行业“十四五”规划教材.高等教育电气与自动化类专业系列)
    
    
    ISBN 978-7-5198-9195-4:CNY52.80
    本书共八章, 内容包括常用低压电器、电气控制电路的基本规律、电气控制电路设计、可编程控制器概述、FX系列可编程控制器编程元件及指令系统、FX系列可编程控制器程序设计方法、PLC控制变频器方法及应用、PLC在PID控制中的应用。可编程控制器是以当前极具代表性的FX3U系列PLC为例进行了系统阐述, 同时也对FX3U系列PLC的升级产品FX5U系列PLC同步进行了介绍。
●
相关链接 在E读中查询图书 在当当中查询图书 在豆瓣中查询图书


正题名:电气控制与PLC应用     索取号:TM571.2/F150=4         预约/预借

序号 登录号 条形码 馆藏地/架位号 状态 备注
1 1638762   216387620   自科库301/301自科库 13排1列4层/ [索取号:TM571.2/F150=4] 在馆    
河南城建学院图书馆 欢迎您!
大连网信软件有限公司© 版权所有